[Event "CZE-chT2D 1718"]
[Site "Czech Republic"]
[Date "2018.02.11"]
[Round "8.6"]
[White "Smid, Jaroslav"]
[Black "Cely, Jaroslav"]
[Result "0-1"]
[WhiteElo "1958"]
[BlackElo "2015"]
[PlyCount "48"]
[EventDate "2017.10.15"]
[EventType "team-tourn"]
[EventRounds "11"]
[EventCountry "CZE"]
[SourceTitle "EXT 2022"]
[Source "ChessBase"]
[SourceDate "2021.10.06"]
[SourceVersion "1"]
[SourceVersionDate "2021.10.06"]
[SourceQuality "1"]
[WhiteTeam "Lipa"]
[BlackTeam "Zdar nad Sazavou"]
[WhiteTeamCountry "CZE"]
[BlackTeamCountry "CZE"]

1. e4 g6 2. d4 Bg7 3. Nc3 d6 4. f4 Nf6 5. e5 Nfd7 6. Nf3 c5 7. Be3 0-0 8. Qd2 cxd4 9. Bxd4 dxe5 10. fxe5 Nc6 11. e6 Nxd4 12. exf7+ Rxf7 13. Nxd4 Nb6 14. 0-0-0 Bg4 15. Be2 Bxe2 16. Ndxe2 Qxd2+ 17. Kxd2 Bh6+ 18. Kd3 Rd8+ 19. Ke4 Rdf8 20. Rd3 Rf6 21. Rf3 Re6+ 22. Kd3 Rd8+ 23. Nd4 Bg7 24. Nce2 Red6 0-1

[Event "CZE-chT2D 1718"]
[Site "Czech Republic"]
[Date "2017.11.19"]
[Round "3.5"]
[White "Lorenc, Oldrich"]
[Black "Smid, Jaroslav"]
[Result "1-0"]
[WhiteElo "2080"]
[BlackElo "1958"]
[PlyCount "115"]
[EventDate "2017.10.15"]
[EventType "team-tourn"]
[EventRounds "11"]
[EventCountry "CZE"]
[SourceTitle "EXT 2022"]
[Source "ChessBase"]
[SourceDate "2021.10.06"]
[SourceVersion "1"]
[SourceVersionDate "2021.10.06"]
[SourceQuality "1"]
[WhiteTeam "Policka Stefanydes"]
[BlackTeam "Lipa"]
[WhiteTeamCountry "CZE"]
[BlackTeamCountry "CZE"]

1. c4 Nf6 2. Nc3 g6 3. g3 Bg7 4. Bg2 c5 5. d3 0-0 6. Be3 d6 7. Qc1 Nc6 8. Bh6 Bxh6 9. Qxh6 Nd4 10. Qd2 Rb8 11. e3 Ne6 12. Nge2 Bd7 13. 0-0 Qc8 14. Nd5 Nxd5 15. cxd5 Nc7 16. Rfc1 e6 17. dxe6 Nxe6 18. d4 b6 19. Nc3 Nc7 20. b4 Bh3 21. Bxh3 Qxh3 22. dxc5 dxc5 23. bxc5 Rfd8 24. Qe2 bxc5 25. Ne4 Ne6 26. Nxc5 Ng5 27. Rc2 Qf5 28. h4 Nf3+ 29. Kg2 Rd2 30. Rxd2 Nxd2 31. Qxd2 Qxc5 32. Rc1 Qe5 33. Rc2 Qe4+ 34. f3 Qe7 35. e4 Rd8 36. Qf4 Kg7 37. Qg5 Qe8 38. Qc5 Rd1 39. Qxa7 Qb5 40. Qf2 Qb1 41. Rd2 Rc1 42. Qd4+ Kh6 43. a4 Rh1 44. Qf2 Qc1 45. Ra2 g5 46. hxg5+ Kg6 47. f4 h6 48. gxh6 Rxh6 49. Kf3 Rh1 50. Kg4 Rf1 51. f5+ Kh7 52. Qh2+ Kg8 53. Rc2 Qd1+ 54. Qe2 Qa1 55. Rb2 Rh1 56. Qd2 Qxa4 57. Rb8+ Kh7 58. Qd5 1-0

[Event "CZE-chT2D 1718"]
[Site "Czech Republic"]
[Date "2017.11.05"]
[Round "2.7"]
[White "Smid, Jaroslav"]
[Black "Cerny, Jan"]
[Result "1/2-1/2"]
[WhiteElo "1958"]
[BlackElo "2034"]
[PlyCount "139"]
[EventDate "2017.10.15"]
[EventType "team-tourn"]
[EventRounds "11"]
[EventCountry "CZE"]
[SourceTitle "EXT 2022"]
[Source "ChessBase"]
[SourceDate "2021.10.06"]
[SourceVersion "1"]
[SourceVersionDate "2021.10.06"]
[SourceQuality "1"]
[WhiteTeam "Lipa"]
[BlackTeam "Polabiny III"]
[WhiteTeamCountry "CZE"]
[BlackTeamCountry "CZE"]

1. e4 c6 2. d4 d5 3. Nc3 dxe4 4. Nxe4 Nd7 5. Bc4 Ngf6 6. Ng5 e6 7. N1f3 h6 8. Nh3 Bd6 9. Bf4 Nb6 10. Bb3 0-0 11. 0-0 c5 12. Bxd6 Qxd6 13. dxc5 Qxc5 14. Re1 Bd7 15. Qd4 Qxd4 16. Nxd4 Rfd8 17. c3 Rac8 18. f3 Nc4 19. Bxc4 Rxc4 20. Nf2 b5 21. a3 Be8 22. Nd3 a5 23. Ne5 Rcc8 24. Rad1 Nd5 25. Kf2 Nb6 26. Nb3 a4 27. Nd4 Rd5 28. Nc2 Rcd8 29. Ne3 Rxd1 30. Rxd1 Rxd1 31. Nxd1 f6 32. Nd3 Nc4 33. Ne3 Nd6 34. g3 Bg6 35. Nc5 Kf7 36. c4 bxc4 37. Nxa4 Ke7 38. Nc5 c3 39. bxc3 Nb5 40. a4 Nxc3 41. a5 Kd6 42. a6 Nb5 43. Na4 Kc6 44. Nc4 Nc7 45. a7 Kb7 46. Nc5+ Kxa7 47. h4 e5 48. f4 exf4 49. gxf4 Bf7 50. Nd6 Bd5 51. Nf5 Ne8 52. Ke3 Kb6 53. Kd4 Ba2 54. Na4+ Kc6 55. Nc5 Nd6 56. Ne7+ Kc7 57. Nd5+ Bxd5 58. Kxd5 Nf5 59. h5 Kd8 60. Ke6 Ng3 61. Kf7 Nxh5 62. f5 Kc7 63. Kg6 Kd6 64. Nd3 Ng3 65. Kxg7 Nxf5+ 66. Kxf6 Ng3 67. Nf4 h5 68. Kg5 Ke5 69. Nxh5 Nxh5 70. Kxh5 1/2-1/2

[Event "CZE-chT2D 1516"]
[Site "Czech Republic"]
[Date "2016.04.03"]
[Round "10.4"]
[White "Smid, Jaroslav"]
[Black "Nemec, Pavel"]
[Result "1/2-1/2"]
[WhiteElo "2053"]
[BlackElo "2214"]
[PlyCount "30"]
[EventDate "2015.10.18"]
[EventType "team-tourn"]
[EventRounds "11"]
[EventCountry "CZE"]
[SourceTitle "EXT 2022"]
[Source "ChessBase"]
[SourceDate "2021.10.06"]
[SourceVersion "1"]
[SourceVersionDate "2021.10.06"]
[SourceQuality "1"]
[WhiteTeam "Lipa ZVU Engineering"]
[BlackTeam "Chrudim"]
[WhiteTeamCountry "CZE"]
[BlackTeamCountry "CZE"]

1. e4 c5 2. c3 d5 3. exd5 Qxd5 4. d4 e5 5. Nf3 exd4 6. cxd4 cxd4 7. Qxd4 Qxd4 8. Nxd4 Nf6 9. Bb5+ Bd7 10. 0-0 Bc5 11. Re1+ Kd8 12. Bxd7 Nbxd7 13. Nb3 Bb6 14. Nc3 Ng4 15. Bg5+ f6 1/2-1/2

[Event "CZE-chT2D 1516"]
[Site "Czech Republic"]
[Date "2015.11.22"]
[Round "3.4"]
[White "Smid, Jaroslav"]
[Black "Neoral, Antonin"]
[Result "1/2-1/2"]
[WhiteElo "2053"]
[BlackElo "2109"]
[PlyCount "83"]
[EventDate "2015.10.18"]
[EventType "team-tourn"]
[EventRounds "11"]
[EventCountry "CZE"]
[SourceTitle "EXT 2022"]
[Source "ChessBase"]
[SourceDate "2021.10.06"]
[SourceVersion "1"]
[SourceVersionDate "2021.10.06"]
[SourceQuality "1"]
[WhiteTeam "Lipa ZVU Engineering"]
[BlackTeam "Litovel Tatran II"]
[WhiteTeamCountry "CZE"]
[BlackTeamCountry "CZE"]

1. e4 c5 2. b4 cxb4 3. a3 d5 4. axb4 dxe4 5. c4 e5 6. Bb2 Nc6 7. c5 Nf6 8. Qa4 Be7 9. Bc4 0-0 10. Ne2 a5 11. b5 Nd4 12. Nxd4 exd4 13. Bxd4 Qc7 14. b6 Qf4 15. Nc3 Qg5 16. h4 Qxg2 17. 0-0-0 Bd7 18. Qa1 Qf3 19. Rhg1 Bg4 20. Be2 Qf5 21. Bxf6 Bxf6 22. Rxg4 Qxc5 23. Rxe4 Rfc8 24. Rc4 Qxf2 25. Bd3 Rxc4 26. Bxc4 Qf4 27. Bd3 Rc8 28. Kc2 Qf2 29. Kb1 Qxb6+ 30. Qb2 Qd6 31. Bc2 Rc4 32. Qa2 Rb4+ 33. Kc1 b6 34. Qd5 Qf8 35. Qf5 Rxh4 36. Nb1 Qd8 37. Rf1 Kf8 38. Nc3 Rh6 39. Bb3 Rh2 40. Qd5 Qxd5 41. Bxd5 Rh5 42. Be4 1/2-1/2

[Event "CZE-chT2D 1314"]
[Site "Czech Republic"]
[Date "2014.03.02"]
[Round "9.6"]
[White "Smid, Jaroslav"]
[Black "Novotny, Jaroslav"]
[Result "0-1"]
[WhiteElo "2042"]
[BlackElo "2180"]
[PlyCount "46"]
[EventDate "2013.11.03"]
[EventType "team-tourn"]
[EventRounds "11"]
[EventCountry "CZE"]
[SourceTitle "EXT 2016"]
[Source "ChessBase"]
[SourceDate "2015.10.08"]
[SourceVersion "1"]
[SourceVersionDate "2015.10.08"]
[SourceQuality "1"]
[WhiteTeam "Vysoke Myto"]
[BlackTeam "Jicin II"]
[WhiteTeamCountry "CZE"]
[BlackTeamCountry "CZE"]

1. d4 Nf6 2. Nc3 d5 3. Bg5 Bf5 4. f3 c6 5. e3 Qb6 6. Na4 Qa5+ 7. c3 Nbd7 8. b4 Qc7 9. Nb2 e5 10. g3 Bd6 11. Bxf6 Nxf6 12. Bh3 Bxh3 13. Nxh3 0-0 14. Kf2 Rfe8 15. Re1 Re7 16. Qc2 Rae8 17. a3 Qd7 18. Ng1 h5 19. Re2 h4 20. Rae1 hxg3+ 21. hxg3 Qc7 22. dxe5 Bxe5 23. f4 Bxc3 0-1

[Event "CZE-chT2D 1314"]
[Site "Czech Republic"]
[Date "2014.01.19"]
[Round "6.6"]
[White "Svub, Jan"]
[Black "Smid, Jaroslav"]
[Result "0-1"]
[WhiteElo "1964"]
[BlackElo "2042"]
[PlyCount "113"]
[EventDate "2013.11.03"]
[EventType "team-tourn"]
[EventRounds "11"]
[EventCountry "CZE"]
[SourceTitle "EXT 2016"]
[Source "ChessBase"]
[SourceDate "2015.10.08"]
[SourceVersion "1"]
[SourceVersionDate "2015.10.08"]
[SourceQuality "1"]
[WhiteTeam "Usti nad Orlici"]
[BlackTeam "Vysoke Myto"]
[WhiteTeamCountry "CZE"]
[BlackTeamCountry "CZE"]

1. c4 Nf6 2. d4 e5 3. dxe5 Ne4 4. Qc2 Nc5 5. Nf3 Nc6 6. a3 a5 7. Nc3 d6 8. Bg5 f6 9. exf6 gxf6 10. Bh4 Bg4 11. e3 Bg7 12. Be2 Qd7 13. 0-0 0-0 14. Nd4 Ne5 15. h3 Bxe2 16. Qxe2 Rae8 17. Bg3 Qf7 18. b3 f5 19. Rad1 Ng6 20. b4 Nd7 21. Nd5 Nde5 22. Bxe5 Bxe5 23. Nf3 f4 24. Qc2 Qg7 25. e4 c6 26. Nb6 Qe7 27. c5 Nh4 28. Nxe5 Qxe5 29. f3 Re7 30. Rxd6 Rg7 31. Rd2 Qe6 32. Qc4 Qxc4 33. Nxc4 axb4 34. axb4 Ra8 35. Nd6 Ra3 36. Kh1 Rb3 37. Nf5 Nxf5 38. exf5 Rxb4 39. Re1 h6 40. Re6 Rc4 41. Rd8+ Kh7 42. f6 Rf7 43. Re7 Kg6 44. Rdd7 Rxf6 45. Rxb7 Rxc5 46. Re4 Rc1+ 47. Kh2 c5 48. Ra7 h5 49. Raa4 Kg5 50. h4+ Kxh4 51. Rxf4+ Rxf4 52. Rxf4+ Kg5 53. Kg3 Rc2 54. Rf8 c4 55. Rc8 h4+ 56. Kh3 Rc1 57. Rg8+ 0-1

[Event "CZE-chT2C 0910"]
[Site "Czech Republic"]
[Date "2010.02.14"]
[Round "7.7"]
[White "Soukal, Rudolf"]
[Black "Smid, Jaroslav"]
[Result "1-0"]
[WhiteElo "2086"]
[BlackElo "2066"]
[PlyCount "51"]
[EventDate "2009.10.18"]
[EventType "team-tourn"]
[EventRounds "11"]
[EventCountry "CZE"]
[SourceTitle "EXT 2011"]
[Source "ChessBase"]
[SourceDate "2010.11.26"]
[SourceVersion "1"]
[SourceVersionDate "2010.11.26"]
[SourceQuality "1"]
[WhiteTeam "Praha Dukla"]
[BlackTeam "Lipa"]
[WhiteTeamCountry "CZE"]
[BlackTeamCountry "CZE"]

1. e4 e5 2. Nf3 Nc6 3. Bb5 a6 4. Ba4 f5 5. d4 exd4 6. e5 Bc5 7. 0-0 Nge7 8. Bb3 d5 9. exd6 Qxd6 10. c3 Na5 11. cxd4 Nxb3 12. Qxb3 Bb6 13. Re1 h6 14. Nc3 Kf8 15. Bf4 Qf6 16. Be5 Qg6 17. d5 Bd7 18. Nh4 Qg4 19. Nf3 Ng6 20. d6 Bc5 21. Qxb7 Ra7 22. Qd5 cxd6 23. Bxd6+ Bxd6 24. Qxd6+ Kf7 25. Re7+ Kg8 26. h3 1-0

[Event "CZE-chT2D 0809"]
[Site "Czech Republic"]
[Date "2009.04.05"]
[Round "11.6"]
[White "Smid, Jaroslav"]
[Black "Krejci, Dalibor"]
[Result "1-0"]
[WhiteElo "2074"]
[BlackElo "1850"]
[PlyCount "55"]
[EventDate "2008.10.12"]
[EventType "team-tourn"]
[EventRounds "11"]
[EventCountry "CZE"]
[SourceTitle "EXT 2010"]
[Source "ChessBase"]
[SourceDate "2010.11.25"]
[SourceVersion "1"]
[SourceVersionDate "2010.11.25"]
[SourceQuality "1"]

1. e4 c5 2. c3 d6 3. d4 Nf6 4. dxc5 Nbd7 5. cxd6 Nxe4 6. dxe7 Bxe7 7. Be3 0-0 8. Nd2 Nef6 9. Ngf3 Re8 10. Bc4 Bc5 11. 0-0 Bxe3 12. fxe3 Qb6 13. Qb3 Qxe3+ 14. Kh1 Nc5 15. Qc2 Be6 16. Rae1 Qh6 17. Bxe6 Rxe6 18. Rxe6 Nxe6 19. Qf5 Rd8 20. Ne4 Nxe4 21. Qxe4 Nc5 22. Qf5 Ne6 23. h3 g6 24. Qa5 Qe3 25. Nd4 Qd3 26. Rf3 Qe4 27. Kh2 Qe5+ 28. Qxe5 1-0

[Event "CZE-chT2D 0809"]
[Site "Czech Republic"]
[Date "2009.03.22"]
[Round "10.6"]
[White "Milostny, Milos"]
[Black "Smid, Jaroslav"]
[Result "1/2-1/2"]
[WhiteElo "2024"]
[BlackElo "2074"]
[PlyCount "28"]
[EventDate "2008.10.12"]
[EventType "team-tourn"]
[EventRounds "11"]
[EventCountry "CZE"]
[SourceTitle "EXT 2010"]
[Source "ChessBase"]
[SourceDate "2010.11.25"]
[SourceVersion "1"]
[SourceVersionDate "2010.11.25"]
[SourceQuality "1"]

1. d4 d5 2. c4 e6 3. Nc3 Nf6 4. Bg5 Be7 5. e3 c6 6. Nf3 Nbd7 7. cxd5 exd5 8. Bd3 0-0 9. 0-0 Re8 10. Rb1 Ne4 11. Bxe4 Bxg5 12. Bd3 Be7 13. b4 Nf6 14. h3 Bd6 1/2-1/2

[Event "CZE-chT2D 0809"]
[Site "Czech Republic"]
[Date "2009.02.22"]
[Round "9.6"]
[White "Smid, Jaroslav"]
[Black "Motacek, Vladimir"]
[Result "1/2-1/2"]
[WhiteElo "2074"]
[BlackElo "2092"]
[PlyCount "112"]
[EventDate "2008.10.12"]
[EventType "team-tourn"]
[EventRounds "11"]
[EventCountry "CZE"]
[SourceTitle "EXT 2010"]
[Source "ChessBase"]
[SourceDate "2010.11.25"]
[SourceVersion "1"]
[SourceVersionDate "2010.11.25"]
[SourceQuality "1"]

1. e4 g6 2. d4 d6 3. Nc3 Bg7 4. f4 c6 5. h3 e6 6. Nf3 Qc7 7. Be2 b5 8. a3 Ne7 9. 0-0 0-0 10. Be3 Nd7 11. Qe1 Nb6 12. Rd1 a5 13. Qh4 b4 14. Na2 bxa3 15. bxa3 d5 16. g4 dxe4 17. Ng5 h6 18. Nxe4 Ned5 19. Bc1 Ba6 20. Bxa6 Rxa6 21. f5 Nf6 22. Bf4 Qd8 23. Nxf6+ Bxf6 24. Qf2 exf5 25. Bxh6 Bg7 26. Bxg7 Kxg7 27. gxf5 Qg5+ 28. Kh2 Nd5 29. Rd3 Raa8 30. Qg3 Qxg3+ 31. Rxg3 Rfe8 32. Rf2 Re4 33. fxg6 fxg6 34. c4 Nb6 35. Rfg2 Re6 36. c5 Nd5 37. Nc3 Nxc3 38. Rxc3 Rd8 39. Rg4 Rd5 40. Kg3 Re1 41. Kf2 Re6 42. Re3 Rf5+ 43. Ke2 Rxe3+ 44. Kxe3 Rf1 45. Ke4 Re1+ 46. Kf4 Kf6 47. Rg3 g5+ 48. Kf3 Kf5 49. Kf2 Ra1 50. Ke2 Ra2+ 51. Kd1 Ke4 52. d5 Kxd5 53. Rxg5+ Kd4 54. a4 Rh2 55. Rg4+ Kxc5 56. h4 Kd6 1/2-1/2

[Event "CZE-chT2c 0506"]
[Site "Czech Republic"]
[Date "2006.02.26"]
[Round "8.8"]
[White "Smid, Jaroslav"]
[Black "Mozna Hojdarova, Eva"]
[Result "1-0"]
[WhiteElo "2063"]
[BlackElo "2054"]
[PlyCount "67"]
[EventDate "2005.10.16"]
[EventType "team"]
[EventRounds "11"]
[EventCountry "CZE"]
[SourceTitle "EXT 2009"]
[Source "ChessBase"]
[SourceDate "2008.11.26"]
[SourceVersion "1"]
[SourceVersionDate "2008.11.26"]
[SourceQuality "1"]
[WhiteTeam "AVE Kontakt"]
[BlackTeam "Praha Pankrac II"]
[WhiteTeamCountry "CZE"]
[BlackTeamCountry "CZE"]

1. e4 c5 2. c3 d6 3. d4 cxd4 4. cxd4 Nf6 5. Nc3 e6 6. Bg5 Be7 7. Nf3 0-0 8. Bd3 Nc6 9. 0-0 h6 10. Be3 Ng4 11. Bd2 e5 12. d5 Nb4 13. Bb1 Na6 14. Nb5 Bd7 15. Nc3 b5 16. h3 Nf6 17. Be3 b4 18. Ne2 Bb5 19. Re1 Nd7 20. Ng3 Nac5 21. Nf5 a5 22. a4 Bc4 23. Nd2 Ba6 24. Qg4 g6 25. Bxh6 Re8 26. Nxe7+ Qxe7 27. Bg5 Qf8 28. h4 Qg7 29. h5 gxh5 30. Qxh5 Nf6 31. Bxf6 Qxf6 32. Re3 Kf8 33. Rf3 Qg7 34. Qh4 1-0

[Event "Hradec Kralove Region-chT 0506"]
[Site "Czech Republic"]
[Date "2006.02.19"]
[Round "8.7"]
[White "Smid, Jaroslav"]
[Black "Dvorak, Miloslav"]
[Result "1-0"]
[WhiteElo "2063"]
[BlackElo "1681"]
[PlyCount "39"]
[EventDate "2005.10.23"]
[EventType "team-tourn"]
[EventRounds "11"]
[EventCountry "CZE"]
[SourceTitle "EXT 2024"]
[Source "ChessBase"]
[SourceDate "2023.10.10"]
[SourceVersion "1"]
[SourceVersionDate "2023.10.10"]
[SourceQuality "1"]
[WhiteTeam "Lipa"]
[BlackTeam "Rychnov nad Kneznou"]
[WhiteTeamCountry "CZE"]
[BlackTeamCountry "CZE"]

1. e4 c5 2. c3 e6 3. d4 Be7 4. Be3 cxd4 5. cxd4 d6 6. Nc3 a6 7. Nf3 h6 8. Qb3 Nf6 9. e5 Ng4 10. Bf4 g5 11. Bg3 h5 12. exd6 Bxd6 13. Bxd6 Qxd6 14. Ne4 Qd8 15. Qc3 f6 16. h3 Nh6 17. Nxf6+ Qxf6 18. Qxc8+ Ke7 19. Qxb7+ Nd7 20. Ne5 1-0